000 00335nam a2200145Ia 4500
008 230711s9999||||xx |||||||||||||| ||und||
041 _aENG
082 _a720
_bGA-L
100 _aGans,Deborah
245 4 _aThe le corbusier guide
250 _a1st Ed.
260 _c1987
_aNew York
_bS.A.Hencetin
650 _aArchitecture
942 _cBK
999 _c375
_d375